LEADER 01149nam1-2200385---450- 001 990002735800203316 005 20060413124253.0 035 $a000273580 035 $aUSA01000273580 035 $a(ALEPH)000273580USA01 035 $a000273580 100 $a20060413d--------km-y0itay0103----ba 101 $aita 102 $aIT 105 $aa|||||||001yy 200 1 $a<> natura e la scienza$fGiulio Mezzetti 210 $aFirenze$cLa Nuova Italia 215 $a3v.$cill.$d30 cm 410 0$12001 454 1$12001 461 1$1001-------$12001 463 \1$1001990002735810203316$12001 $a<> : <>ambiente 463 \1$1001990002735820203316$12001 $a<> : <>evoluzione 463 \1$1001990002735840203316$12001 $a<> : <>uomo 606 0 $aScienze naturali$xInsegnamento$xScuole medie superiori 676 $a507.12 700 1$aMEZZETTI,$bGiulio$0593092 801 0$aIT$bsalbc$gISBD 912 $a990002735800203316 951 $aP13 437$bDISTRA 959 $aBK 969 $aDISTRA 979 $aDISTRA2$b10$c20060413$lUSA01$h1242 996 $aNatura e la scienza$9998646 997 $aUNISA LEADER 01116nam0-22003011i-450- 001 990003180060403321 005 20041020094828.0 035 $a000318006 035 $aFED01000318006 035 $a(Aleph)000318006FED01 035 $a000318006 100 $a20030910d1998----km-y0itay50------ba 101 0 $aita 102 $aIT 200 1 $aRelazioni banca-impresa ed efficienza allocativa nel centro-nordest e nel mezzogiorno$fGiovanni Ferri, Marcello Messori 210 $aMilano$cUniversità commerciale Luigi Bocconi. Centro di economia monetaria e finanziaria Paolo Baffi$d1998 225 1 $aQuaderni di ricerca$fCentro di economia monetaria e finanziaria Paolo Baffi$v122 610 0 $aBanche e imprese 610 0 $aCredito e squilibri regionali$aItalia 700 1$aFerri,$bGiovanni$070168 701 1$aMessori,$bMarcello$f<1950- >$0118774 801 0$aIT$bUNINA$gRICA$2UNIMARC 901 $aBK 912 $a990003180060403321 952 $aPaper 1/122$fSES 959 $aSES 996 $aRelazioni banca-impresa ed efficienza allocativa nel centro-nordest e nel mezzogiorno$9452641 997 $aUNINA LEADER 01879cam0-2200409---450- 001 990008140240403321 005 20091020100903.0 035 $a000814024 035 $aFED01000814024 035 $a(Aleph)000814024FED01 035 $a000814024 100 $a20050630g19851987km-y0itay50------ba 101 0 $ager 102 $aDE 105 $ay---an---00yy 200 1 $aStellenbibliographie zur Historia Augusta$fherausgegeben von Elke W. Merten 210 $aBonn$cR. Habelt$d1985-1987 215 $a4 v.$d23 cm 225 1 $aAntiquitas$hReihe 4.$iBeiträge zur Historia-Augusta-Forschung$hserie 2.$iBibliographien$v1./4. 327 0 $a1.: Hadrian - Didus Iulianus. -1985$a2.: Septimius Severus - Alexander Severus. -1986$a3.: Maximini Duo - Tyranni Triginta : mit Korrekturen und Ergänzungen zu Band 1 und 2 der Stellenbibliographie. -1986$a4.: Claudius - Carus, Carinus und Numerianus : mit Korrekturen und Ergänzungen zu Band 1 bis 3 der Stellenbibliographie. -1987 610 0 $aRoma antica$aImpero$aBibliografie 676 $a016.93708 700 1$aMerten,$bElke W.$0471651 801 0$aIT$bUNINA$gRICA$2UNIMARC 901 $aBK 912 $a990008140240403321 952 $aDDR-Fonti II- Historia Augusta St.4(1)$b93(1) ddr$fDDR$m21-7124 952 $aDDR-Fonti II- Historia Augusta St.4(2)$b93(2) ddr$fDDR$m21-7125 952 $aDDR-Fonti II- Historia Augusta St.4(3)$b93(3) ddr$fDDR$m21-7126 952 $aDDR-Fonti II- Historia Augusta St.4(4)$b93(4) ddr$fDDR$m21-7127 952 $aP2B-610-HIST.AUG.-1M.E.W. (1)-1985$bBibl. 10103$fFLFBC 952 $aP2B-610-HIST.AUG.-1M.E.W. (2)-1986$bBibl. 10104$fFLFBC 952 $aP2B-610-HIST.AUG.-1M.E.W. (3)-1986$bBibl. 10105$fFLFBC 952 $aP2B-610-HIST.AUG.-1M.E.W. (4)-1987$bBibl. 10106$fFLFBC 959 $aDDR 996 $aStellenbibliographie zur Historia Augusta$9229427 997 $aUNINA